00929nam a2200217 i 4500001000700000003000900007005001700016008004100033040001300074080001700087080001700104100004500121245015200166260006900318300002200387500012300409500001400532650007000546650004700616852004800663151496ES-MaACL20230906204227.0940301s1889 sp d |||| |cspa d aAS bspa a013(460.182) a929(460.182)1 aMartínez Añíbarro y Rives, Manuel.10aIntento de un diccionario biográfico y bibliográfico de autores de la provincia de Burgos / cescrito por Manuel Martínez Añibarro y Rives. aMadrid : b[s.n.], c1889 (fImp. y Fundición de Manuel Tello) a570 p. ; c27 cm. aEn port.: Obra premiada por la Biblioteca Nacional en el concurso público de 1887 e impresa á expensas del Estado. aÍndice.04aEscritores españoles-zBurgos (Provincia)-vBiobibliografías. 4aLiteratura española-zBurgos (Provincia) aES-MaACLjB-3408 z-- Enc. pasta española